काव्य-प्रसूनाञ्जलि: (Record no. 213601)

MARC details
000 -LEADER
fixed length control field 01070nam a22001937a 4500
005 - DATE AND TIME OF LATEST TRANSACTION
control field 20251007150513.0
010 ## - LCCN (DPL NO)
LC control number HIN-130471
020 ## - INTERNATIONAL STANDARD BOOK NUMBER
Terms of availability 50.00
International Standard Book Number 9789356365315
035 ## - SYSTEM CONTROL NUMBER
System control number HN-102820
037 ## - SOURCE OF ACQUISITION
Source of stock number/acquisition DBAD
Stock number 1
082 ## - DEWEY DECIMAL CLASSIFICATION NUMBER
Classification number 821
100 ## - MAIN ENTRY--PERSONAL NAME
Personal name जैन सुदीप कुमार
245 ## - TITLE STATEMENT
Title काव्य-प्रसूनाञ्जलि:
Statement of responsibility, etc सुदीप कुमार जैन
Remainder of title प्रो. सुदीप कुमार जैन की हिन्दी, प्राकृत, संस्कृत,अपभ्रंश एवं गुजराती कविताओ का संकलन/
260 ## - PUBLICATION, DISTRIBUTION, ETC. (IMPRINT)
Place of publication, distribution, etc दिल्ली
Name of publisher, distributor, etc महावीर परमार्थ फाउन्डेशन
Date of publication, distribution, etc 2025
270 ## - ADDRESS
City शाहदरा
Postal code 110032
Address 30/21-ए, द्वितीय तल, गली नं. 9, विश्‍वास नगर शाहदरा, दिल्ली-110032
300 ## - PHYSICAL DESCRIPTION
Extent XIV,112प्,
Dimensions 21से.मी.(अजिल्द)
490 ## - SERIES STATEMENT
Volume number/sequential designation 2
942 ## - ADDED ENTRY ELEMENTS (KOHA)
Source of classification or shelving scheme Dewey Decimal Classification
Item type Hindi Books
Classification part 821
Call number suffix जैन
Holdings
Withdrawn status Lost status Not for loan Home library Current library Date acquired Source of acquisition Cost, normal purchase price Full call number Barcode Copy number Cost, replacement price Koha item type
    Not For Loan D.B.Act.Division D.B.Act.Division 07/10/2025 Delivery of Books Act Division 50.00 821 जैन HN-102820 1 50.00 Hindi Books

© Delhi Public Library
Hit Counter
free hit counter